Las Panaderías, sus dueños y trabajadores. Ciudad de México. Siglo XVIII / (Record no. 66580)

MARC details
000 -LEADER
fixed length control field 00617cam a2200193 4500
008 - FIXED-LENGTH DATA ELEMENTS--GENERAL INFORMATION
fixed length control field 1989 spa
020 ## - INTERNATIONAL STANDARD BOOK NUMBER
International Standard Book Number 968-496-133-2
050 #4 - LIBRARY OF CONGRESS CALL NUMBER
Classification number HD9057
Item number G37 1989
100 1# - MAIN ENTRY--PERSONAL NAME
Personal name García Acosta, Virginia
245 #4 - TITLE STATEMENT
Title Las Panaderías, sus dueños y trabajadores. Ciudad de México. Siglo XVIII /
Statement of responsibility, etc Virginia García Acosta.
260 ## - PUBLICATION, DISTRIBUTION, ETC. (IMPRINT)
Place of publication, distribution, etc México :
Name of publisher, distributor, etc CIESAS,
Date of publication, distribution, etc 1989
300 ## - PHYSICAL DESCRIPTION
Extent 255 p. ;
Dimensions 21 cm.
440 #0 - SERIES STATEMENT/ADDED ENTRY--TITLE
Title Ediciones de la Casa Chata ; 24
500 ## - GENERAL NOTE
General note 2 ejemplares
650 #4 - SUBJECT ADDED ENTRY--TOPICAL TERM
Topical term or geographic name as entry element Panaderos y panaderías
General subdivision México
-- Historia
942 ## - ADDED ENTRY ELEMENTS (KOHA)
Source of classification or shelving scheme Biblioteca del Cogreso de los Estados Unidos
Koha item type Libro
Holdings
Estado de pérdida Fuente de clasificación Estado del daño No para préstamo Ubicación permanente Ubicación actual Apartado o colección Fecha de adquisición Edición Dependencia de educación superior (DES) Área del conocimiento Clasificación Código de Barras Date last seen Número de copia Tipo de recurso
  Biblioteca del Cogreso de los Estados Unidos     Biblioteca del Instituto de Investigaciones Históricas Biblioteca del Instituto de Investigaciones Históricas General 24/08/2018 1a ed. Humanidades Ciencias Sociales y Administrativas HD9057 G37 1989 IIH000025271 24/08/2018 C:1 Libro
  Biblioteca del Cogreso de los Estados Unidos     Biblioteca del Instituto de Investigaciones Históricas Biblioteca del Instituto de Investigaciones Históricas General 24/08/2018 1a ed. Humanidades Ciencias Sociales y Administrativas HD9057 G37 1989 IIH000025272 24/08/2018 C:2 Libro